00302nam a2200121Ia 4500008004100000041001200041082001700053100002300070245003500093260003500128300000700163650001000170231217s9999 xx 000 0 und d aEnglish a294.548 PAR aParamananda, Swami 0aFaith: As a constructive force cNULLbRamakrishna Math, Madras a80 aFaith